Reprosústavy 2.1 už od 40 eur megatest

Podrobná bibliografia
Hlavný autor: Mydliar, Peter (Autor)
Médium: Článok
Jazyk:slovenčina
ISSN:1335-0226
Predmet:

MARC

LEADER 00000nab a2200000 a 4500
001 vtls009628208
003 SK-MaSNL
005 20260305035427.0
008 250506c2009 xo |||||||||||000 b|slo
015 |a SNBRB2009/07  |2 snkbucl 
035 |a (uuid)95737671-90f4-4290-b272-b920ca9575ff 
035 |a urn:nbn:sk:snk-ab14s1 
035 |a (urnnbn)urn:nbn:sk:snk:ar-a05fp3 
038 |a SNKBUCL 
040 |a SNKBUCL  |b slo  |c SNKBUCL  |e AACR2 
041 0 |a slo 
044 |a xo  |c SK 
080 |a 681.84:366.624.4  |2 2001 
080 |a 366.624.4  |2 2001 
100 1 |a Mydliar, Peter  |4 aut  |9 1455663 
245 1 0 |a Reprosústavy 2.1 už od 40 eur  |b megatest  |c Peter Mydlliar 
650 0 7 |a reprosústavy  |2 snkbucl  |9 215695 
650 0 7 |a porovnávacie testy  |2 snkbucl  |9 870299 
773 0 |t PC revue  |g Roč. XVII, č. 5 (2009), s. 66-71  |x 1335-0226 
850 |a Slovenská národná knižnica 
852 |a Slovenská národná knižnica 
954 |a odborná, vedecká literatúra pôvodná (slovenská)  |2 lita 
958 |a article27 
958 |a OND 
958 |a EUIPO 
999 |c 3333770  |d 3335700